[Event "Belgrade Trophy 17th"]
[Site "Obrenovac"]
[Date "2004.11.22"]
[Round "1"]
[White "Brenjo, Slavisa"]
[Black "Nikolic, Branislav S"]
[Result "1-0"]
[WhiteElo "2476"]
[BlackElo "2165"]
[PlyCount "29"]
[EventDate "2004.11.22"]
[EventType "swiss"]
[EventRounds "9"]
[EventCountry "YUG"]
[SourceTitle "CBM 103 Extra"]
[Source "ChessBase"]
[SourceDate "2005.01.01"]
[SourceVersion "1"]
[SourceVersionDate "2005.01.01"]
[SourceQuality "1"]

1. e4 c6 2. d4 d5 3. e5 Bf5 4. Nf3 e6 5. Be2 c5 6. Be3 Qb6 7. b3 Nc6 8. 0-0 Nh6 9. c4 Nb4 10. Nc3 Nc2 11. cxd5 Nxa1 12. Bb5+ Kd8 13. dxc5 Qc7 14. Bg5+ Kc8 15. d6 1-0

[Event "Belgrade Jezero op 10th"]
[Site "Belgrade"]
[Date "2004.08.25"]
[Round "9"]
[White "Nikolic, Branislav S"]
[Black "Vranesevic, Danica"]
[Result "1-0"]
[WhiteElo "2144"]
[BlackElo "2038"]
[PlyCount "112"]
[EventDate "2004.08.17"]
[EventType "swiss"]
[EventRounds "9"]
[EventCountry "YUG"]
[SourceTitle "EXT 2005"]
[Source "ChessBase"]
[SourceDate "2004.11.15"]
[SourceVersion "1"]
[SourceVersionDate "2004.11.15"]
[SourceQuality "1"]

1. d4 Nf6 2. c4 e6 3. Nf3 b6 4. g3 Ba6 5. b3 b5 6. cxb5 Bxb5 7. Nc3 Bc6 8. Bg2 Qc8 9. 0-0 Qb7 10. Re1 Bb4 11. Bd2 a5 12. a3 Bxc3 13. Bxc3 Bd5 14. Rb1 Be4 15. Rb2 Nd5 16. Qd2 Nxc3 17. Qxc3 0-0 18. b4 axb4 19. Rxb4 Qa7 20. Ra1 Na6 21. Ra4 Qb7 22. Ne1 Bxg2 23. Nxg2 Rfb8 24. Nf4 c6 25. Nd3 Nc7 26. Nc5 Qc8 27. Rc4 Nb5 28. Qc1 Nd6 29. Rc2 Nb7 30. a4 Na5 31. Qe3 Rb4 32. Rc3 Qc7 33. Qd3 Qa7 34. e3 d6 35. Ne4 Qd7 36. Ng5 f5 37. Nf3 Nb7 38. Qc2 c5 39. Rca3 Ra5 40. Nd2 cxd4 41. Nb3 Ra8 42. Nxd4 Na5 43. Rc3 d5 44. Rc7 Qe8 45. Qc3 Rc4 46. Rxc4 dxc4 47. Nb5 Qd7 48. Nd4 Kf7 49. Nf3 Kg8 50. Ne5 Qd5 51. f3 Nb3 52. Ra2 Qc5 53. Kf2 Na5 54. Rb2 Qc7 55. Rb5 Ra6 56. Qb4 c3 1-0

[Event "Belgrade Jezero op 10th"]
[Site "Belgrade"]
[Date "2004.08.22"]
[Round "6"]
[White "Mihajlovic, Miodrag"]
[Black "Nikolic, Branislav S"]
[Result "1-0"]
[WhiteElo "2276"]
[BlackElo "2144"]
[PlyCount "117"]
[EventDate "2004.08.17"]
[EventType "swiss"]
[EventRounds "9"]
[EventCountry "YUG"]
[SourceTitle "EXT 2005"]
[Source "ChessBase"]
[SourceDate "2004.11.15"]
[SourceVersion "1"]
[SourceVersionDate "2004.11.15"]
[SourceQuality "1"]

1. Nf3 d5 2. g3 c6 3. Bg2 Nf6 4. d3 Bf5 5. 0-0 e6 6. a4 Bd6 7. c3 h6 8. a5 0-0 9. b4 Re8 10. Nbd2 e5 11. Nb3 Nbd7 12. a6 b6 13. e4 Bh7 14. Nfd2 Qe7 15. Qe2 Rac8 16. Bb2 b5 17. Rfd1 Nb6 18. Rab1 Na4 19. Ba1 d4 20. cxd4 exd4 21. Nxd4 Bxb4 22. Rdc1 Bc5 23. N2b3 Nd7 24. Bh3 Rc7 25. Bxd7 Rxd7 26. Nxc6 Qd6 27. Qg4 Bg6 28. Ne5 Rc7 29. Nxg6 fxg6 30. d4 Bb6 31. e5 Qd5 32. Rxc7 Bxc7 33. Qxg6 Rf8 34. Nd2 Bxe5 35. Qe4 Qa2 36. Qe1 Bf6 37. Rxb5 Nb6 38. Ne4 Qxa6 39. Ra5 Qb7 40. Nxf6+ Rxf6 41. d5 Rd6 42. Qe8+ Kh7 43. Qe4+ Kh8 44. Qf4 Rxd5 45. Rxd5 Nxd5 46. Qxh6+ Kg8 47. Qe6+ Kh8 48. Qe8+ Kh7 49. Qe4+ Kg8 50. h4 Qf7 51. Qe5 Qb7 52. h5 Qd7 53. h6 gxh6 54. Qh8+ Kf7 55. Qxh6 Ke8 56. Qh8+ Ke7 57. Bd4 a6 58. Bc5+ Ke6 59. Qh3+ 1-0

[Event "Belgrade Jezero op 10th"]
[Site "Belgrade"]
[Date "2004.08.21"]
[Round "5"]
[White "Nikolic, Branislav S"]
[Black "Zivkovic, Sava"]
[Result "0-1"]
[WhiteElo "2144"]
[BlackElo "2311"]
[PlyCount "40"]
[EventDate "2004.08.17"]
[EventType "swiss"]
[EventRounds "9"]
[EventCountry "YUG"]
[SourceTitle "EXT 2005"]
[Source "ChessBase"]
[SourceDate "2004.11.15"]
[SourceVersion "1"]
[SourceVersionDate "2004.11.15"]
[SourceQuality "1"]

1. d4 Nf6 2. c4 g6 3. g3 c6 4. Bg2 d5 5. Nf3 Bg7 6. 0-0 0-0 7. cxd5 cxd5 8. Ne5 e6 9. Nc3 Nc6 10. Nxc6 bxc6 11. Qa4 Qb6 12. Rd1 e5 13. dxe5 Ng4 14. e3 Nxe5 15. h3 Rb8 16. Qc2 Qc5 17. Qe2 Qc4 18. Qd2 Bxh3 19. f4 Bxg2 20. Kxg2 Ng4 0-1

[Event "Belgrade Jezero op 10th"]
[Site "Belgrade"]
[Date "2004.08.20"]
[Round "4"]
[White "Sahovic, Dragutin"]
[Black "Nikolic, Branislav S"]
[Result "1/2-1/2"]
[WhiteElo "2281"]
[BlackElo "2144"]
[PlyCount "66"]
[EventDate "2004.08.17"]
[EventType "swiss"]
[EventRounds "9"]
[EventCountry "YUG"]
[SourceTitle "EXT 2005"]
[Source "ChessBase"]
[SourceDate "2004.11.15"]
[SourceVersion "1"]
[SourceVersionDate "2004.11.15"]
[SourceQuality "1"]

1. d4 d5 2. c4 c6 3. Nf3 Nf6 4. Nc3 e6 5. e3 Nbd7 6. Qc2 Bd6 7. Bd2 0-0 8. 0-0-0 Qc7 9. e4 dxe4 10. Nxe4 Bf4 11. Nxf6+ Nxf6 12. g3 Bxd2+ 13. Rxd2 c5 14. Bg2 Rb8 15. Rhd1 b6 16. Ne5 Bb7 17. Bxb7 Rxb7 18. f4 cxd4 19. Rxd4 g6 20. Kb1 Rc8 21. g4 b5 22. g5 Nd5 23. Qd2 bxc4 24. Rxc4 Qd8 25. Rdc1 Rbc7 26. Rxc7 Rxc7 27. Rxc7 Qxc7 28. Qd4 Qa5 29. a3 Qe1+ 30. Ka2 Qf1 31. Qxa7 Qxf4 32. Qb8+ Kg7 33. Nd7 Qc4+ 1/2-1/2